| 000 | 00708nam a22001337a 4500 | ||
|---|---|---|---|
| 040 | _cRUA | ||
| 082 | _aANS KLO 2018 B648 Or.1 | ||
| 100 | _aKLOT PUTREA ខ្លូត ពុទ្រា | ||
| 245 | _aeffect of carv acrol supplementation to concentrated feed on growth performance of weaning piglets up to 25kg ឥទ្ធិពលនៃការបន្ថែម carvacrol នៅក្នុងចំណីសម្រេចទៅលើការលូតលាស់របស់កូនជ្រូកផ្តាច់ដោះរហូតទំងន់ ២៥គីឡូក្រោម | ||
| 260 |
_aRUA _bPHNOM PENH _c2018 |
||
| 300 |
_aix;44p _bill; _c29cm |
||
| 856 | _uKLOT PUTREA | ||
| 942 | _cANS | ||
| 999 |
_c18256 _d18256 |
||